Vztahový marketing a řízení podniku
Vzťahový marketing ako súčasť procesného riadenia podniku. Vplyv na organizačnú štruktúru. Tvorba marketingovej politiky.Zložky marketingovej politiky: organizačná štruktúra obchodného a marketingového oddelenia, hlavné produktové skupiny a zákaznícke segmenty, teritoriálne rozdelenie, stav person...
Guardado en:
| Autor principal: | |
|---|---|
| Otros Autores: | |
| Formato: | Capítulo de libro |
| Lenguaje: | checo |
| Materias: | |
| Etiquetas: |
Sin Etiquetas, Sea el primero en etiquetar este registro!
|
MARC
| LEADER | 00000naa$a2200000$$$4500 | ||
|---|---|---|---|
| 001 | 0030387 | ||
| 005 | 20231018124607.0 | ||
| 041 | 0 | |a cze | |
| 044 | |a CZ | ||
| 245 | 1 | 0 | |a Vztahový marketing a řízení podniku |c Milan Kašík, Karel Havlíček |
| 520 | |a Vzťahový marketing ako súčasť procesného riadenia podniku. Vplyv na organizačnú štruktúru. Tvorba marketingovej politiky.Zložky marketingovej politiky: organizačná štruktúra obchodného a marketingového oddelenia, hlavné produktové skupiny a zákaznícke segmenty, teritoriálne rozdelenie, stav personálu a jeho činnosť, motivačný systém, komunikácia na oddelení, smernice obchodného a marketingového oddelenia. | ||
| 610 | 2 | 0 | |a riadenie podnikové |
| 610 | 2 | 0 | |a riadenie procesné |
| 610 | 2 | 0 | |a marketing |
| 610 | 2 | 0 | |a obchod |
| 610 | 2 | 0 | |a stratégia marketingová |
| 610 | 2 | 0 | |a štruktúra organizačná |
| 610 | 2 | 0 | |a útvary podnikové |
| 610 | 2 | 0 | |a hierarchia podniková |
| 610 | 2 | 0 | |a personál |
| 610 | 2 | 0 | |a riaditelia |
| 100 | 1 | |a Kašík, Milan | |
| 700 | 1 | |a Havlíček, Karel | |